000
00356nam a2200133Ia 4500
008
151001s9999||||xx |||||||||||||| ||und||
100
_a
जयंत पवार
245
_a
अधांतर
250
_a
1
260
_b
पॉप्युलर प्रकाशन मुंबई
260
_c
1999
300
_a
65
365
_b
21
999
_c
978355
_d
978352